| 000 | 01096 a2200193 4500 | ||
|---|---|---|---|
| 003 | Nust | ||
| 005 | 20221228085616.0 | ||
| 040 | _cNust | ||
| 082 | _a355.3095491,CLO | ||
| 100 |
_aBrain Cloughley _9106146 |
||
| 245 |
_aA history of the pakistan army wars and insurrections, _bKargil Issue / _cBrain Cloughley |
||
| 250 | _a2nd ed | ||
| 260 |
_aArmy Education Publishing House _bPakistan _c2001-2002 |
||
| 300 |
_a435 p.; _billus _c24 cm |
||
| 505 | _aThe Beginning (Page-1), Ayub Khan Adjutant General To President (Page-23), Preparation of War (Page-52), 1965 Phase one Kashmir (Page-63), The September War (Page-79), The Last Year of Ayub Khan (Page-124), Yahya Khan and the Inevitability of the 1971 War (Page-144), Civil War in the India Invasion(Page-160), War in the West and the Fall of Yahya (Page-222), Zulfikar Ali Bhutto (Page-239), The Years of Zia (Page-271), Democracy Again (Page-300), The New Modern Army (Page-339), Epilogue Karamat to Kargil (Page-360). | ||
| 600 |
_aBrain Cloughley _9106146 |
||
| 650 | _aTelecommunication engineering | ||
| 942 |
_2ddc _cBK _k355.3095491,CLO |
||
| 999 |
_c185837 _d185837 |
||